A man and his God : (Record no. 118080)
[ view plain ]
| 000 -LEADER | |
|---|---|
| fixed length control field | 00733nam a2200241 a 4500 |
| 001 - CONTROL NUMBER | |
| control field | 4331365 |
| 003 - CONTROL NUMBER IDENTIFIER | |
| control field | ARRUPE |
| 005 - DATE AND TIME OF LATEST TRANSACTION | |
| control field | 20130926124119.0 |
| 008 - FIXED-LENGTH DATA ELEMENTS--GENERAL INFORMATION | |
| fixed length control field | 890210s1988 inu b 000 0 eng |
| 010 ## - LIBRARY OF CONGRESS CONTROL NUMBER | |
| LC control number | 88071083 |
| 020 ## - INTERNATIONAL STANDARD BOOK NUMBER | |
| International Standard Book Number | 0877933804 : |
| Terms of availability | $5.95 |
| 040 ## - CATALOGING SOURCE | |
| Original cataloging agency | DLC |
| Transcribing agency | DLC |
| Modifying agency | DLC |
| 050 00 - LIBRARY OF CONGRESS CALL NUMBER | |
| Classification number | BX2352.5 |
| Item number | .P32 1988 |
| 300 ## - PHYSICAL DESCRIPTION | |
| Dimensions | 21 cm. |
| 100 1# - MAIN ENTRY--PERSONAL NAME | |
| Personal name | Pable, Martin W. |
| 9 (RLIN) | 1388 |
| 245 12 - TITLE STATEMENT | |
| Title | A man and his God : |
| Remainder of title | contemporary male spirituality / |
| Statement of responsibility, etc | Martin W. Pable. |
| 260 ## - PUBLICATION, DISTRIBUTION, ETC. (IMPRINT) | |
| Place of publication, distribution, etc | Notre Dame, IN : |
| Name of publisher, distributor, etc | Ave Maria Press, |
| Date of publication, distribution, etc | c1988. |
| 300 ## - PHYSICAL DESCRIPTION | |
| Extent | 143 p. ; |
| 504 ## - BIBLIOGRAPHY, ETC. NOTE | |
| Bibliography, etc | Bibliography: p. 143. |
| 650 #0 - SUBJECT ADDED ENTRY--TOPICAL TERM | |
| Topical term or geographic name as entry element | Men |
| General subdivision | Religious life. |
| 9 (RLIN) | 1389 |
| 650 #0 - SUBJECT ADDED ENTRY--TOPICAL TERM | |
| Topical term or geographic name as entry element | Spirituality. |
| 9 (RLIN) | 1390 |
| 906 ## - LOCAL DATA ELEMENT F, LDF (RLIN) | |
| a | 7 |
| b | cbc |
| c | orignew |
| d | 3 |
| e | opcn |
| f | 19 |
| g | y-gencatlg |
| 942 ## - ADDED ENTRY ELEMENTS (KOHA) | |
| Source of classification or shelving scheme | Library of Congress Classification |
| Koha item type | Monograph ( Printed materials) |
| Withdrawn status | Lost status | Source of classification or shelving scheme | Damaged status | Not for loan | Home library | Current library | Shelving location | Date acquired | Total Checkouts | Full call number | Barcode | Date last seen | Price effective from | Koha item type |
|---|---|---|---|---|---|---|---|---|---|---|---|---|---|---|
| Library of Congress Classification | ARRUPE LIBRARY | ARRUPE LIBRARY | Main Collection | 26/09/2013 | BX2352.5 .P32 1988 | 46003000300 | 22/11/2017 | 26/09/2013 | Monograph ( Printed materials) |